000 00331nam a2200133Ia 4500
008 240624s9999 xx 000 0 und d
041 _aeng
082 _a330.973 GRA
100 _aGRABELL MICHAEL
245 _aMONEY WELL SPENT
260 _c2012
_aNew York
_bPublic Affairs
300 _axv, : 389 : p. : cm. ; 23
365 _c
_b38
999 _c28330
_d28330